000 01902nam2a2200313 4500
001 RU\NLR\BIBL_A\011598719
005 20250626095516.0
010 _a978-5-248-00838-4
_9500
035 _a(NLR Aleph) 011598719
090 _a10876301
_c10876301
100 _a20180119d2017 |||y0rusy50 ca
101 0 _arus
_deng
102 _aRU
105 _aa z 000yy
200 1 _aТрансдисциплинарные методы в обществознании
210 _d2017
_aБ. м.
215 _a430 с.
_cил.
_d23
300 _aРез. на англ. яз.
320 _aБиблиогр. в конце ст. и в подстроч. примеч.
461 0 _1001RU\NLR\Per\769621
_12001#$aМЕТОД: Московский ежегодник трудов из обществоведческих дисциплин$eсборник научных трудов$fРос. акад. наук, Ин-т науч. информ. по обществ. наукам ИНИОН РАН, Центр перспектив. методологий социал.-гуманит. исслед.$vВып. 7
_91816144
_cМосква
_d2010 -
_fРос. акад. наук, Ин-т науч. информ. по обществ. наукам ИНИОН РАН, Центр перспектив. методологий социал.-гуманит. исслед.
_nИнститут научной информации по общественным наукам РАН
_oсборник научных трудов
_tМЕТОД: Московский ежегодник трудов из обществоведческих дисциплин
_vВып. 7
606 1 _aНаука
_jСборники
_xМетодология
_91677197
_3RU\NLR\AUTH\66744350
686 1 _aЮ25я43
686 1 _aЮ251.02я43
686 1 _aЧ21в.я43
852 _aNLR
_jП22/9223
942 _cISSUE
980 _aNB
980 _aRUSPER